000
00294nam a22001337a 4500
008
171220b xxu||||| |||| 00| 0 eng d
020
_a
9781437702071
041
_a
eng
080
_a
61
100
_a
4
101
_a
SHM
245
_a
2010 FOR HOSPITALN 2010
_c
BUCK.C.J
942
_2
udc
_c
BK
999
_c
39206
_d
39206